000 01032nam a2200241 i 4500
001 161806
003 ES-MaACL
005 20250807012653.0
008 000904s1881 sp ab |||| | spa d
080 _a338.4(460.41):6
080 _a913(460.41)
100 1 _aPérez del Toro, Felipe.
_9131494
245 1 3 _aEl tabaco canario y las pesquerías en África
_b: apuntes acerca de la geografía, historia, agricultura, comercio, estadística y administración de la provincia de Canarias /
_cpor Felipe Pérez del Toro.
260 _aMadrid :
_b[s.n.],
_c1881 (
_fImp. y Litogr. de La Guirnalda)
300 _a236 p., 1 mapa ;
_c18 cm.
530 _aDisponible también en sitio web.
594 _aPrecede al tít.: Intereses generales de actualidad.
650 4 _aTabaco.
_917271
650 7 _a
_2
_9241623
852 _aES-MaACL
_jG-7876
_z. - Enc. pasta
856 _uhttp://bibliotecadigitalhispanica.bne.es:80/webclient/DeliveryManager?pid=1839726&custom_att_2=simple_viewer
_zIr a la página
999 _c161806
_d161806